000 00424nam a22001697a 4500
003 LK-CoMWRAF
005 20230929104211.0
008 230929b |||||||| |||| 00| 0 eng d
040 _aLK-CoMWRAF
_dLK-CoMWRAF
_eLK-CoMWRAF
041 _aeng
082 _a297.72
_bSID
100 _aSiddiqi, Abdul Hameed
245 _aJihad in Islam
260 _aLahore :
_bKazi publications
_c1979
650 _aIslam--Jihad
942 _cBK
999 _c3743
_d3743